Places in Iowa - sudden death - Statistics

General Stats
  • This quiz has been taken 46 times
  • The average score is 12 of 27
Answers on the Grid
Answers color-coded by a green-red scale on the quiz's grid according to % correct below.
Des Moines
Minneapolis
Missouri River
Caracas
Mississippi River
Lake Tahoe
Rocky Mountains
Cedar Rapids
Cornfields
Land below sea level
Saskatoon
Sioux City
Adelaide
Iowa City
Bognor Regis
San Marino
Council Bluffs
Khorramabad
Zambezi River
Home town of Slipknot
Flat plains
The Everglades
World's largest truck stop
Buddy Holly crash site
West Okoboji Lake
Pompano Beach
Herbert Hoover birthplace
Chitungwiza
Dubuque
John Wayne Gacy's house
Kinnick Stadium
Wanyjok
Himeji
Davenport
Tractor museum
Fort Dodge jail
Ames
Hat Yai
Apache Reservation
Enugu
Bettendorf
Oshawa
Chickasaw County
Bishoftu
Key Largo
Malang
Fort Dodge
Taunggyi
John Wayne birthplace
Part of the Winnebago Reservation
Linyi
Part of the Omaha Reservation
Escondido
Maquoketa Caves State Park
 
Answer Stats
Answer % Correct
Des Moines
97%
Cedar Rapids
77%
Cornfields
70%
Sioux City
70%
Ames
67%
Davenport
67%
Iowa City
67%
Dubuque
63%
Council Bluffs
60%
Mississippi River
60%
Buddy Holly crash site
43%
Kinnick Stadium
43%
Herbert Hoover birthplace
40%
Missouri River
37%
John Wayne birthplace
33%
World's largest truck stop
30%
Bettendorf
27%
Chickasaw County
27%
Fort Dodge jail
27%
Part of the Omaha Reservation
27%
Flat plains
23%
Home town of Slipknot
23%
John Wayne Gacy's house
23%
Tractor museum
20%
West Okoboji Lake
20%
Maquoketa Caves State Park
17%
Part of the Winnebago Reservation
10%
No matching quizzes found
Score Distribution
Percent of People with Each Score
Percentile by Number Answered
Your Score History
You have not taken this quiz